000 00582nam a2200193Ia 4500
003 OSt
005 20250308092257.0
008 210210b2002 xxu||||| |||| 00| 0 eng d
040 _cAL
041 _aKannada
082 _aK894.1 KANK
100 _aKANNADA SAHITYA PARISHATTU.
_dಕನ್ನಡ ಸಾಹಿತ್ಯ ಪರಿಷತ್ತು
_9205022
245 _aKannadada Bavuta
_bಕನ್ನಡ ಬಾವುಟ
260 _aBengaluru
_bKannada Sahithya Parishattu.,
_c2002
300 _a160,xiv
690 _aKannada Poetry
_9205023
906 _aSG04127
942 _2ddc
_cSG
999 _c115028
_d115028